000 00300nam a2200121Ia 4500
008 191201s2007 xx 000 0 und d
100 _aGUPTA, S.C.
245 0 _aFluid Mechanics and Hydraulic Machines
260 _aN. delhi
_bpearson
_c2007
300 _a582
650 _aB.Tech(CE)
942 _2ddc
_cBK
999 _c6528
_d6528